Statystyki dla Imię na P

Kliknij tutaj aby rozwiązać quiz!

Ogólne statystyki

  • Ten quiz został rozwiązany 129 razy
  • Średni wynik to 6 z 8

Statystyki odpowiedzi

HintOdpowiedź% Poprawnych
1.Paweł
95%
4.Piotr
92%
5.Patrycja
91%
6.Paulina
91%
2.Patryk
80%
7.Pola
71%
3.Przemysław
63%
8.Pamela
37%

Rozkład punktacji

Percentyl według liczby udzielonych odpowiedzi

Procent ludzi z każdym wynikiem

Twoja historia wyników

Nie rozwiązałeś tego quizu